| 000 | 00865nas a2200265 4500 | ||
|---|---|---|---|
| 001 | BR0103587 | ||
| 003 | BR-BrBNA | ||
| 005 | 20231205102357.0 | ||
| 007 | ta | ||
| 008 | 230509b bl.|||p| |||| 00| 00por d | ||
| 040 |
_aBR-BrBNA _bpor _cBiblioteca Nacional de Agricultura |
||
| 041 | _a(Pt) | ||
| 072 | _aK50 | ||
| 100 | 1 | _aMenezzi, C.H.S. del | |
| 100 | 1 | _aNahuz, M.A.R. | |
| 100 | 1 | _aSouza, M.R. de | |
| 245 | 1 | _aUtilizacao de um metodo combinado de desdobro e secagem para obtencao de madeira serrada de eucalipto destinada a producao de paineis colados lateralmente | |
| 650 | _aEucalipto | ||
| 650 | _aMadeira Serrada | ||
| 650 | _aSecagem | ||
| 650 | _aPainel de Madeira | ||
| 773 | 0 |
_tRevista Arvore (Brazil) _xISSN 0100-6762 _g(Jan-Mar 2001), v. 25(1) p. 113-123 _wBR0103587 |
|
| 909 |
_a202311 _bLúcia _c55 _dLúcia Elande |
||
| 942 |
_2AGRIS _n0 _cANA |
||
| 999 |
_c167263 _d167263 |
||